Paratexts in English printed drama to 1642 Volume 2
Includes bibliographical references, finding list, and indexes; Volume 1. Single-text and collected editions to 1623 -- volume 2. Single-text and collected editions, 1624-1642
में बचाया:
| मुख्य लेखक: | |
|---|---|
| अन्य लेखक: | |
| स्वरूप: | पुस्तक |
| भाषा: | Undetermined |
| प्रकाशित: |
UK
Cambridge university
2014
|
| विषय: | |
| ऑनलाइन पहुंच: | http://lrc.tdmu.edu.vn/opac/search/detail.asp?aID=2&ID=24732 |
| टैग : |
टैग जोड़ें
कोई टैग नहीं, इस रिकॉर्ड को टैग करने वाले पहले व्यक्ति बनें!
|
| Thư viện lưu trữ: | Trung tâm Học liệu Trường Đại học Thủ Dầu Một |
|---|
| LEADER | 01086nam a2200241Ia 4500 | ||
|---|---|---|---|
| 001 | TDMU_24732 | ||
| 008 | 210410s9999 xx 000 0 und d | ||
| 082 | |a 822.309 | ||
| 090 | |b B206 | ||
| 100 | |a Berger, Thomas L | ||
| 245 | 0 | |a Paratexts in English printed drama to 1642 | |
| 245 | 0 | |c edited by Thomas L. Berger, Sonia Massai, with Tania Demetriou | |
| 245 | 0 | |n Volume 2 | |
| 245 | 0 | |p Single-text and collected editions, 1624-1642 | |
| 260 | |a UK | ||
| 260 | |b Cambridge university | ||
| 260 | |c 2014 | ||
| 300 | |a x, 619-1040 p. | ||
| 520 | |a Includes bibliographical references, finding list, and indexes; Volume 1. Single-text and collected editions to 1623 -- volume 2. Single-text and collected editions, 1624-1642 | ||
| 650 | |a English drama |y 17th century |x Criticism; English drama |x Criticism; Paratext; Kịch tiếng Anh |y Thế kỷ 17 |x Phê bình; Kịch tiếng Anh |x Phê bình | ||
| 700 | |a Demetriou, Tania | ||
| 856 | |u http://lrc.tdmu.edu.vn/opac/search/detail.asp?aID=2&ID=24732 | ||
| 980 | |a Trung tâm Học liệu Trường Đại học Thủ Dầu Một | ||